[Event "Norway Chess Open GM 2025"]
[Site "Stavanger NOR"]
[Date "2025.05.30"]
[Round "7.19"]
[White "Garcia Martin, Marta"]
[Black "Ter-Avetisjana, Agnesa Stepania"]
[Result "1-0"]
[WhiteTitle "IM"]
[BlackTitle "WFM"]
[WhiteElo "2324"]
[BlackElo "2185"]
[WhiteFideId "32084030"]
[BlackFideId "11614900"]
[EventDate "2025.05.26"]

1. e4 c6 2. d4 d5 3. e5 Bf5 4. Nf3 e6 5. c3 c5 6. Be3 Qb6 7. Qc1 Nc6 8. a4 c4 9.
Nbd2 h6 10. Be2 Na5 11. Bd1 Ne7 12. h4 h5 13. Bg5 Nec6 14. Bc2 Bxc2 15. Qxc2 Nb3
16. Nxb3 cxb3 17. Qe2 a6 18. Kf1 Na5 19. Ne1 Rc8 20. Rh3 Rc4 21. Qe3 Rxa4 22.
Rxa4 Qb5+ 23. Nd3 Qxa4 24. Qf4 Nc4 25. Rf3 Qd7 26. Nc1 Nxb2 27. Nxb3 Nc4 28. Nc5
Bxc5 29. dxc5 Rf8 30. Kg1 Qc7 31. Qg3 a5 32. Bf4 Rg8 33. Rd3 a4 34. Rd1 Qxc5 35.
Rb1 b5 36. Qg5 a3 37. Qxh5 Nb2 38. Qe2 Kd7 39. Bc1 Qc4 40. Qf3 a2 41. Qxf7+ Kc6
42. Qxe6+ Kb7 43. Ra1 Rc8 44. Bxb2 Rc7 45. Qd6 Qd3 46. Qa3 Qb1+ 47. Kh2 Rc4 48.
Qxa2 Rxh4+ 49. Kg3 Qe4 50. Qa8+ Kb6 51. Qd8+ Kc5 1-0

[Event "Norway Chess Open GM 2025"]
[Site "Stavanger NOR"]
[Date "2025.05.30"]
[Round "7.16"]
[White "Johansson, Carl Fredrik"]
[Black "Adharsh K"]
[Result "0-1"]
[WhiteTitle "CM"]
[BlackTitle "FM"]
[WhiteElo "2171"]
[BlackElo "2322"]
[WhiteFideId "1701576"]
[BlackFideId "25718207"]
[EventDate "2025.05.26"]

1. e4 c5 2. c3 Nf6 3. e5 Nd5 4. Nf3 Nc6 5. Bc4 Nb6 6. Bb3 d5 7. exd6 Qxd6 8. O-O
Bf5 9. a4 Bd3 10. Re1 e6 11. Na3 Be7 12. Nb5 Qd7 13. a5 Nc8 14. Ba4 O-O 15. a6
Nb6 16. Nbd4 cxd4 17. Ne5 Qd6 18. Nxd3 bxa6 19. Bc2 a5 20. Qg4 Bf6 21. f4 g6 22.
Qg3 Bg7 23. Nf2 Nd5 24. Be4 Rac8 25. Nh3 Rfd8 26. Qh4 Nf6 27. Bf3 Ne7 28. Qf2
Qb6 29. Ng5 Nfd5 30. Be4 h6 31. Nf3 Nxf4 32. d3 Nfd5 33. Nxd4 e5 34. Nc2 f5 35.
Bf3 Nc7 36. Be2 Ne6 37. Na3 Qxf2+ 38. Kxf2 Nc5 39. Nc4 a4 40. Be3 Nxd3+ 41. Bxd3
Rxd3 42. Rxa4 a6 43. Nb6 Rc6 44. Rxa6 Rd8 45. Ke2 f4 46. Bf2 Rcd6 47. Kf1 Nd5
48. c4 Nb4 49. Ra7 Rd2 50. Re2 Rd1+ 51. Re1 e4 52. Rxd1 Rxd1+ 53. Ke2 Rb1 54.
Na4 Rc1 55. Be1 Nd3 56. Bc3 Bxc3 57. Nxc3 Rc2+ 58. Kd1 Rxg2 59. Nxe4 Nxb2+ 60.
Ke1 f3 61. Nf6+ Kf8 62. Kf1 Nxc4 63. Rd7 Ne3+ 64. Ke1 Re2# 0-1

[Event "Norway Chess Open GM 2025"]
[Site "Stavanger NOR"]
[Date "2025.05.30"]
[Round "7.18"]
[White "Advaitt Srikant Koduri"]
[Black "Pubantz, Jan"]
[Result "1-0"]
[WhiteElo "1988"]
[BlackElo "2315"]
[WhiteFideId "25185454"]
[BlackFideId "12996114"]
[EventDate "2025.05.26"]

1. d4 c6 2. Nf3 Nf6 3. Bf4 d5 4. e3 Bf5 5. c4 e6 6. Nc3 Be7 7. Qb3 Qb6 8. c5
Qxb3 9. axb3 O-O 10. b4 h6 11. h3 a6 12. b5 cxb5 13. Bxb5 Nfd7 14. Kd2 Nc6 15.
Bxc6 bxc6 16. Ra4 f6 17. b4 Ra7 18. Rha1 e5 19. Bh2 Rfa8 20. dxe5 fxe5 21. Nxe5
Nxe5 22. Bxe5 Kf7 23. Ne2 Bd7 24. Nd4 g6 25. f4 Bf8 26. Nf3 Be8 27. Bd4 Ke6 28.
g4 Kd7 29. Kc3 Kc8 30. Be5 a5 31. Kd4 Rb7 32. Ne1 Rb5 33. Nd3 h5 34. Rxa5 Raxa5
35. Rxa5 Rxa5 36. bxa5 hxg4 37. hxg4 Kb7 38. Nb4 Be7 39. a6+ Ka7 40. Bc7 Bf6+
41. Kd3 Bd7 42. Bb6+ Ka8 43. a7 Kb7 44. Na6 Bd8 45. Bxd8 Kxa7 46. Nb4 Kb7 47. g5
Kc8 48. Bf6 Bf5+ 49. Kd4 Kd7 50. Ke5 Bb1 51. Bg7 Bf5 52. Na2 Bb1 53. Nc1 Bf5 54.
Ne2 1-0

[Event "Norway Chess Open GM 2025"]
[Site "Stavanger NOR"]
[Date "2025.05.30"]
[Round "7.20"]
[White "Banerjee, Supratit"]
[Black "Liu, Tianyi (Jack)"]
[Result "1-0"]
[WhiteTitle "CM"]
[WhiteElo "2312"]
[BlackElo "2112"]
[WhiteFideId "2410079"]
[BlackFideId "8627894"]
[EventDate "2025.05.26"]

1. e4 c5 2. Nf3 e6 3. d4 cxd4 4. Nxd4 Nc6 5. Nc3 Nf6 6. Ndb5 Bb4 7. a3 Bxc3+ 8.
Nxc3 d5 9. exd5 exd5 10. Bd3 O-O 11. O-O Bg4 12. f3 Bh5 13. Bg5 Qb6+ 14. Kh1 Ne4
15. Nxe4 dxe4 16. Bxe4 Qxb2 17. Qd3 Bg6 18. Bxg6 hxg6 19. Rab1 Qe5 20. f4 Qc7
21. f5 gxf5 22. Qxf5 b6 23. Rbd1 Rae8 24. Bf4 Qc8 25. Qh5 Re6 26. Rd3 Rfe8 27.
Rh3 f6 28. Qh7+ Kf7 29. Rg3 Rg8 30. Bh6 Qf8 31. Qg6+ Ke7 32. Bxg7 Qf7 33. Bxf6+
Rxf6 34. Re3+ Kd7 35. Qxf7+ Rxf7 36. Rxf7+ 1-0

[Event "Norway Chess Open GM 2025"]
[Site "Stavanger NOR"]
[Date "2025.05.30"]
[Round "7.28"]
[White "Machin, Guillaume"]
[Black "Nissinen, Niilo Man"]
[Result "0-1"]
[WhiteTitle "CM"]
[BlackTitle "CM"]
[WhiteElo "2069"]
[BlackElo "2301"]
[WhiteFideId "616648"]
[BlackFideId "30950767"]
[EventDate "2025.05.26"]

1. d4 Nf6 2. c4 e6 3. Nc3 Bb4 4. e3 O-O 5. Bd3 d5 6. a3 Bxc3+ 7. bxc3 dxc4 8.
Bxc4 c5 9. Ne2 e5 10. O-O Nc6 11. Bd3 Qd6 12. f4 e4 13. Bc2 Na5 14. Ng3 Re8 15.
f5 b6 16. Rf4 Bb7 17. Nh5 Rac8 18. Nxf6+ Qxf6 19. Qe2 cxd4 20. cxd4 Ba6 21. Qf2
Bd3 22. Bd1 Nc4 23. g4 b5 24. h4 Nb6 25. g5 Qc6 26. Bd2 Nd5 27. f6 Nxf4 28. Qxf4
Qc7 29. Qf2 Bc4 30. fxg7 Be6 31. h5 Red8 32. Qh4 Rd5 33. Bb3 Rf5 34. Bxe6 fxe6
35. Rf1 Qxg7 36. Rxf5 exf5 37. Bb4 Rc1+ 38. Kf2 Qf7 39. Bd6 Qa2+ 40. Kg3 Rg1+ 0-1

[Event "Norway Chess Open GM 2025"]
[Site "Stavanger NOR"]
[Date "2025.05.30"]
[Round "7.21"]
[White "Vincenti, Leonardo"]
[Black "Fiskaaen, Martin Holten"]
[Result "1/2-1/2"]
[WhiteTitle "CM"]
[BlackTitle "FM"]
[WhiteElo "2120"]
[BlackElo "2292"]
[WhiteFideId "28550820"]
[BlackFideId "1550233"]
[EventDate "2025.05.26"]

1. e4 e5 2. Nf3 Nc6 3. Bb5 g6 4. d4 exd4 5. Bg5 Be7 6. Bxe7 Qxe7 7. Bxc6 dxc6 8.
Qxd4 Nf6 9. Nc3 Bg4 10. O-O-O Bxf3 11. gxf3 a5 12. e5 Nh5 13. Ne4 O-O 14. Nf6+
Nxf6 15. exf6 Qe6 16. Kb1 c5 17. Qc3 Ra6 18. Qxc5 Qxf6 19. Rd3 Rb6 20. b3 a4 21.
Re1 axb3 22. axb3 Ra8 23. Qe5 Rc8 24. Rd7 Re6 25. Qxf6 Rxf6 26. Ree7 Rxf3 27.
Rxc7 Rxc7 28. Rxc7 b5 29. Rc5 Rxf2 30. Rxb5 f5 31. c4 Kf7 32. c5 Ke6 33. c6 Kd6
34. Rc5 Kc7 35. b4 Re2 36. b5 Re8 37. Kc2 Kb6 38. Rd5 f4 39. Rd7 Kxb5 40. c7 Rc8
41. Rxh7 Kc6 42. Kd3 1/2-1/2

[Event "Norway Chess Open GM 2025"]
[Site "Stavanger NOR"]
[Date "2025.05.30"]
[Round "7.22"]
[White "Myagmarsuren, Evsuld"]
[Black "Zheng, Harry Z"]
[Result "1/2-1/2"]
[WhiteTitle "FM"]
[WhiteElo "2292"]
[BlackElo "2149"]
[WhiteFideId "1551639"]
[BlackFideId "460982"]
[EventDate "2025.05.26"]

1. d4 Nf6 2. c4 e6 3. g3 d5 4. Nf3 Be7 5. Bg2 O-O 6. O-O dxc4 7. Qc2 a6 8. a4
Bd7 9. Qxc4 Bc6 10. Bg5 Bd5 11. Qc2 Be4 12. Qc1 h6 13. Bxf6 Bxf6 14. Rd1 a5 15.
Nbd2 Bxf3 16. Bxf3 c6 17. e3 Na6 18. h4 Nb4 19. Qc4 Qb6 20. Nb3 Be7 21. Nc5 Rad8
22. Kg2 Bxc5 23. dxc5 Qc7 24. Qc3 Rxd1 25. Rxd1 Rd8 26. Rd4 Rxd4 27. Qxd4 Qe7
28. Be2 Nd5 29. e4 Nf6 30. b4 Qd7 31. Qc4 Qd2 32. bxa5 Qxa5 33. Qd4 Qc7 34. Qb4
Kh7 35. a5 Nd7 36. Qd4 Kg8 37. f4 Nf8 38. Qb4 e5 39. fxe5 Ne6 40. Bg4 Qxe5 41.
Bxe6 Qxe6 42. Kf3 1/2-1/2

[Event "Norway Chess Open GM 2025"]
[Site "Stavanger NOR"]
[Date "2025.05.30"]
[Round "7.23"]
[White "Poley, Vladimir"]
[Black "Strahl, Christian"]
[Result "1-0"]
[WhiteTitle "IM"]
[WhiteElo "2284"]
[BlackElo "2059"]
[WhiteFideId "13500090"]
[BlackFideId "12955019"]
[EventDate "2025.05.26"]

1. Nf3 Nf6 2. g3 d5 3. Bg2 c6 4. O-O g6 5. b3 Bg7 6. Bb2 O-O 7. d3 Bg4 8. Nbd2
Nbd7 9. c4 Re8 10. Qc2 e5 11. e4 dxe4 12. dxe4 Qc7 13. Nh4 Rad8 14. h3 Be6 15.
Ndf3 c5 16. Rad1 Nh5 17. Nf5 Bxf5 18. exf5 Nb8 19. Ng5 Nf6 20. fxg6 hxg6 21.
Rxd8 Rxd8 22. Re1 Nh7 23. Nxh7 Kxh7 24. h4 Re8 25. h5 Nc6 26. hxg6+ fxg6 27. Re4
Ne7 28. Qe2 Nf5 29. Bh3 Kg8 30. Bg2 Bf6 31. Rg4 Kh7 32. Be4 Rg8 33. Rxg6 Rxg6
34. Bxf5 Kg7 35. Bxg6 Kxg6 36. Qe4+ Kg7 37. Kg2 b6 38. f4 Qd7 39. Bxe5 Qd2+ 40.
Kh3 Qd1 41. Bxf6+ Kxf6 42. Qe5+ Kg6 43. Qg5+ Kh7 44. Qd5 Qb1 45. f5 Qf1+ 46. Kh4
Qf2 47. Qf7+ Kh8 48. Qe8+ Kg7 49. Qe7+ Kh6 50. Qe6+ Kh7 51. Qd7+ Kh6 52. Qd6+
Kh7 53. Kg5 Qe3+ 54. Kf6 Qh6+ 55. Ke7 Qg7+ 56. Kd8 Qg8+ 57. Kc7 Qg5 58. Qg6+ 1-0

[Event "Norway Chess Open GM 2025"]
[Site "Stavanger NOR"]
[Date "2025.05.30"]
[Round "7.17"]
[White "Charvi A"]
[Black "Bhagat Kush"]
[Result "1/2-1/2"]
[WhiteTitle "WFM"]
[BlackTitle "FM"]
[WhiteElo "2056"]
[BlackElo "2279"]
[WhiteFideId "25165518"]
[BlackFideId "46672940"]
[EventDate "2025.05.26"]

1. e4 c5 2. Nf3 e6 3. d4 cxd4 4. Nxd4 Nf6 5. Nc3 Nc6 6. Be2 d6 7. O-O a6 8. Be3
Bd7 9. a4 Be7 10. Nb3 b6 11. Nd2 Qc7 12. Nc4 Rb8 13. Bf4 Ne5 14. Na3 Ra8 15. Bg3
O-O 16. f4 Ng6 17. Bf3 Bc6 18. Qe2 Rfd8 19. Kh1 Bb7 20. Rae1 Rac8 21. Nab1 Bf8
22. Nd2 Re8 23. e5 Nd7 24. Bxb7 Qxb7 25. Qh5 d5 26. f5 exf5 27. Qxf5 Nc5 28. h4
Qd7 29. Qf3 Rcd8 30. h5 Nh8 31. Bh4 Be7 32. Bxe7 Qxe7 33. Qg3 1/2-1/2

[Event "Norway Chess Open GM 2025"]
[Site "Stavanger NOR"]
[Date "2025.05.30"]
[Round "7.24"]
[White "Avadhoot Lokesh Bhakti Brahme"]
[Black "Nechitaylo, Nikita"]
[Result "1/2-1/2"]
[BlackTitle "FM"]
[WhiteElo "2081"]
[BlackElo "2261"]
[WhiteFideId "33496463"]
[BlackFideId "34138161"]
[EventDate "2025.05.26"]

1. c4 e6 2. g3 d5 3. Bg2 Nf6 4. Nf3 dxc4 5. Qa4+ Nbd7 6. Qxc4 Be7 7. d4 O-O 8.
O-O c5 9. Rd1 cxd4 10. Nxd4 e5 11. Nf5 Bc5 12. Nc3 Qb6 13. Na4 Qb4 14. Qxb4 Bxb4
15. a3 Bc5 16. b4 Bd4 17. Nxd4 exd4 18. Rxd4 Re8 19. Be3 Ne5 20. h3 Rb8 21. Nc3
Bd7 22. Bf4 Rbc8 23. Nd5 Bb5 24. Bxe5 Rxe5 25. Nxf6+ gxf6 26. Bxb7 Rc7 27. Bf3
Bxe2 28. Bxe2 Rxe2 29. Rad1 Rc3 30. R1d3 Rc1+ 31. Kg2 Ra1 32. Rd7 a6 33. R7d6
Re6 34. Rxe6 fxe6 35. Kf3 Kf7 36. Ke4 Ke7 37. Kd4 Kd6 38. Kc4+ Kc6 39. Kb3 Rf1
40. Rd2 e5 41. Ka4 Ra1 42. Rd3 e4 43. Rd4 f5 44. g4 Rh1 45. gxf5 Rxh3 46. Rxe4
Rf3 47. Re6+ Kb7 48. Re7+ Kb6 49. Rf7 h5 50. f6 h4 51. Rf8 h3 52. f7 h2 53. Rh8
Rxf2 54. Rxh2 Rxf7 1/2-1/2

[Event "Norway Chess Open GM 2025"]
[Site "Stavanger NOR"]
[Date "2025.05.30"]
[Round "7.25"]
[White "Eliseev, Sergey"]
[Black "Anatol, Luke Leon Robin"]
[Result "1-0"]
[WhiteTitle "FM"]
[WhiteElo "2254"]
[BlackElo "2007"]
[WhiteFideId "1534734"]
[BlackFideId "39905500"]
[EventDate "2025.05.26"]

1. e4 c5 2. Nf3 g6 3. c4 Nc6 4. d4 cxd4 5. Nxd4 Nf6 6. Nc3 Nxd4 7. Qxd4 d6 8.
Be3 Bg7 9. f3 O-O 10. Qd2 a5 11. Be2 a4 12. O-O Qa5 13. Rab1 Be6 14. Rfc1 Rfc8
15. b4 axb3 16. axb3 Qb4 17. Na4 Qxd2 18. Bxd2 Nd7 19. Be3 Rc6 20. f4 Nc5 21.
Nxc5 dxc5 22. b4 b6 23. bxc5 bxc5 24. e5 Rc7 25. Bf3 Rac8 26. Rb6 g5 27. g3 Rd8
28. Rb5 gxf4 29. gxf4 Bh6 30. Kf2 Kf8 31. Bd5 Bxd5 32. cxd5 c4 33. Kf3 Ke8 34.
Ke4 c3 35. Rb6 Bf8 36. Rc6 Rdc8 37. R1xc3 Rxc6 38. dxc6 e6 39. Bb6 Be7 40. c7 1-0

[Event "Norway Chess Open GM 2025"]
[Site "Stavanger NOR"]
[Date "2025.05.30"]
[Round "7.26"]
[White "Swarna Nihal"]
[Black "Haugsdal, Arn-Tore"]
[Result "0-1"]
[WhiteElo "2228"]
[BlackElo "1950"]
[WhiteFideId "25683640"]
[BlackFideId "1502352"]
[EventDate "2025.05.26"]

1. d4 d5 2. c4 e5 3. e3 exd4 4. exd4 Nf6 5. Nc3 Be6 6. Bg5 Bb4 7. cxd5 Qxd5 8.
Bxf6 gxf6 9. Nf3 Rg8 10. Qd2 Qa5 11. g3 Rg4 12. Bb5+ c6 13. Bd3 Nd7 14. O-O
O-O-O 15. a3 Bd6 16. d5 Bxd5 17. b4 Qb6 18. Nxd5 cxd5 19. Bf5 Rgg8 20. Qxd5 Kb8
21. Rad1 Bxg3 22. Bxd7 Bd6+ 23. Kh1 Rxd7 24. Qf5 Rdd8 25. Qxf6 Rg6 26. Qf5 Rdg8
27. Qxf7 Rf8 28. Qd5 Rgf6 29. Ne5 Qc7 30. Rc1 Qe7 31. Ng4 Rf5 32. Qg2 Rg8 33.
Rfe1 Qf8 34. Qh3 h5 35. Nh6 Rf3 36. Qd7 Rxf2 37. Re8+ Qxe8 38. Qxd6+ Ka8 39. Qd4
Qc6+ 40. Rxc6 Rf1+ 0-1

[Event "Norway Chess Open GM 2025"]
[Site "Stavanger NOR"]
[Date "2025.05.30"]
[Round "7.27"]
[White "Pang, Ethan"]
[Black "Pragnya H G"]
[Result "1/2-1/2"]
[WhiteTitle "FM"]
[BlackTitle "WFM"]
[WhiteElo "2226"]
[BlackElo "1929"]
[WhiteFideId "496995"]
[BlackFideId "25609785"]
[EventDate "2025.05.26"]

1. d4 Nf6 2. c4 Nc6 3. d5 Ne5 4. Qd4 d6 5. f4 c5 6. Qc3 Ng6 7. Qd3 e5 8. g3 exf4
9. gxf4 Nh4 10. Bh3 Qe7 11. Bxc8 Rxc8 12. Qh3 Nd7 13. Nf3 Nxf3+ 14. Qxf3 Qh4+
15. Kd1 Be7 16. Nc3 O-O 17. Bd2 f5 18. Kc2 Qf6 19. Rag1 Qf7 20. Rg2 Bf6 21. Rhg1
Qe7 22. h4 Rf7 23. h5 Bd4 24. e3 Bxc3 25. Bxc3 Nf6 26. Rg5 Ne8 27. b3 Qe4+ 28.
Qxe4 fxe4 29. h6 Rcc7 30. f5 Nf6 31. Bxf6 Rxf6 32. Rxg7+ Rxg7 33. Rxg7+ Kf8 34.
Rxh7 Rxf5 35. Rxb7 Kg8 36. Rxa7 Rf2+ 37. Kd1 Rh2 38. h7+ Kh8 39. a4 Rh1+ 40. Ke2
Rh2+ 41. Kf1 Rf2+ 42. Kxf2 1/2-1/2

[Event "Norway Chess Open GM 2025"]
[Site "Stavanger NOR"]
[Date "2025.05.30"]
[Round "7.14"]
[White "Weller, Uli"]
[Black "Aarts, Joaquin"]
[Result "1-0"]
[WhiteElo "2223"]
[BlackElo "1990"]
[WhiteFideId "12971782"]
[BlackFideId "1078224"]
[EventDate "2025.05.26"]

1. e4 c5 2. Nf3 d6 3. d4 cxd4 4. Nxd4 Nf6 5. Nc3 a6 6. Qf3 g6 7. h3 Bg7 8. Be3
O-O 9. O-O-O Nc6 10. Kb1 Bd7 11. Nd5 b5 12. Nxc6 Bxc6 13. Bb6 Qd7 14. Bd4 Bxd5
15. exd5 e5 16. dxe6 fxe6 17. Qd3 Qe7 18. g3 e5 19. Bc3 d5 20. Bg2 Rad8 21. Rhe1
e4 22. Qd2 Nh5 23. Ba5 Qf6 24. c3 Rd7 25. Re2 Qe6 26. Bxe4 d4 27. h4 Nf6 28. Bd3
Qg4 29. cxd4 Rxd4 30. Bc3 Rd7 31. Qe1 Rfd8 32. Bc2 Rxd1+ 33. Bxd1 Qc8 34. Bb3+
Kh8 35. Re7 b4 36. Bxb4 Nd5 37. Bxd5 Qf5+ 38. Qe4 Qxe4+ 39. Bxe4 1-0

[Event "Norway Chess Open GM 2025"]
[Site "Stavanger NOR"]
[Date "2025.05.30"]
[Round "7.29"]
[White "Chernetskiy, Mykola"]
[Black "Hetland, Even"]
[Result "1-0"]
[WhiteTitle "IM"]
[WhiteElo "2198"]
[BlackElo "2025"]
[WhiteFideId "14115999"]
[BlackFideId "1555995"]
[EventDate "2025.05.26"]

1. e4 e6 2. Nc3 d5 3. Qe2 d4 4. Nd1 e5 5. d3 Nc6 6. f4 Bd6 7. fxe5 Nxe5 8. Nf2
Ne7 9. c3 c5 10. Nf3 N7c6 11. Nxe5 Nxe5 12. Bf4 O-O 13. g3 Be6 14. cxd4 cxd4 15.
Bh3 Bxh3 16. Nxh3 Qa5+ 17. Kf1 f5 18. Kg2 Rae8 19. Nf2 fxe4 20. Nxe4 Rxf4 21.
gxf4 Ng6 22. Nf6+ gxf6 23. Qxe8+ Kg7 24. Rhd1 Nxf4+ 25. Kh1 Be5 26. Qd7+ Kh6 27.
Qxb7 Qa4 28. b3 Qa3 29. Rd2 Qc5 30. Rg1 Ng6 31. Rdg2 Qc3 32. Qe4 Nf4 33. Rg4 Qd2
34. Rh4+ Nh5 35. Rxh5+ Kxh5 36. Qxh7+ 1-0

[Event "Norway Chess Open GM 2025"]
[Site "Stavanger NOR"]
[Date "2025.05.30"]
[Round "7.30"]
[White "Gouanelle, Franck"]
[Black "Thuesen, Mogens"]
[Result "0-1"]
[WhiteElo "2024"]
[BlackElo "2129"]
[WhiteFideId "627542"]
[BlackFideId "1400878"]
[EventDate "2025.05.26"]

1. d4 d5 2. Nf3 e6 3. g3 f5 4. Bg2 Nf6 5. c4 c6 6. O-O Bd6 7. Nbd2 Nbd7 8. Qc2
O-O 9. b3 Ne4 10. a4 Qe7 11. Bb2 a5 12. Ne1 e5 13. cxd5 cxd5 14. Ndf3 Ra6 15.
dxe5 Nxe5 16. Nxe5 Bxe5 17. Bxe5 Qxe5 18. Nf3 Qf6 19. Qd3 Be6 20. Nd4 f4 21.
Nxe6 Rxe6 22. Rac1 Re5 23. g4 Kh8 24. Bf3 h5 25. Qd4 hxg4 26. Bxg4 Qg5 27. Kh1
Rfe8 28. Rg1 Qh4 29. Rcf1 Rg5 30. Bf3 Re6 31. Rxg5 Qxg5 32. Rg1 Qe5 33. Qxe5
Rxe5 34. Kg2 Rg5+ 0-1

[Event "Norway Chess Open GM 2025"]
[Site "Stavanger NOR"]
[Date "2025.05.30"]
[Round "7.33"]
[White "Elsness, Fredrik Valstad"]
[Black "Costache, Andrei Eugeniu"]
[Result "0-1"]
[WhiteElo "2111"]
[BlackElo "1952"]
[WhiteFideId "1567829"]
[BlackFideId "42206057"]
[EventDate "2025.05.26"]

1. e4 d5 2. exd5 Nf6 3. d4 Nxd5 4. c4 Nf6 5. Nc3 e5 6. Be3 e4 7. Nge2 Nc6 8. d5
Ne5 9. Ng3 Neg4 10. Qe2 Bb4 11. h3 Nxe3 12. Qxe3 O-O 13. a3 Bxc3+ 14. Qxc3 Qd6
15. Be2 Re8 16. Qe3 Qe5 17. Rb1 h5 18. Bd1 b5 19. b3 Ba6 20. Rc1 h4 21. Ne2 Qb2
22. O-O Qxa3 23. Qd4 bxc4 24. bxc4 Qd6 25. Ba4 Reb8 26. Bc6 Bb7 27. Bxb7 Rxb7
28. Nc3 Re8 29. Rfe1 Qb6 30. Qd2 Qd6 31. Qg5 Qe5 32. Qxh4 Rb4 33. Nd1 a5 34. Ne3
a4 35. Ra1 Ra8 36. f3 exf3 37. Nc2 Qb2 38. Ne3 Re8 39. Qf2 Rxe3 0-1

[Event "Norway Chess Open GM 2025"]
[Site "Stavanger NOR"]
[Date "2025.05.30"]
[Round "7.42"]
[White "Gore, Rohan"]
[Black "Zepeda Berlanga, Jan Enrique"]
[Result "0-1"]
[BlackTitle "CM"]
[WhiteElo "2110"]
[BlackElo "1941"]
[WhiteFideId "1773917"]
[BlackFideId "5132355"]
[EventDate "2025.05.26"]

1. e4 c5 2. Nf3 d6 3. d4 cxd4 4. Nxd4 Nf6 5. Nc3 Nc6 6. Be2 g6 7. O-O Bg7 8. Be3
O-O 9. Kh1 Nxd4 10. Bxd4 e5 11. Be3 Be6 12. Bg5 h6 13. Bxf6 Bxf6 14. Nd5 Bg7 15.
Bc4 Qd7 16. Qd3 f5 17. Nc7 Qxc7 18. Bxe6+ Kh8 19. exf5 gxf5 20. Bxf5 d5 21. Be6
e4 22. Qd2 d4 23. Bb3 Qc6 24. Qe2 Rae8 25. Rad1 Rf5 26. Kg1 Qg6 27. Rde1 Rff8
28. Bd5 e3 29. f3 Be5 30. g3 Bxg3 31. hxg3 Qxg3+ 32. Qg2 Qd6 33. Qh2 Re5 34. Re2
Rxd5 35. Qxd6 Rxd6 36. f4 Rg6+ 37. Rg2 Rfg8 38. Rxg6 Rxg6+ 39. Kh2 Rc6 40. Kg3
Rxc2 41. f5 e2 42. Re1 Kg7 43. Kf3 d3 44. Ke3 Rxb2 45. Kxd3 Rxa2 46. Ke4 Kf6 0-1

[Event "Norway Chess Open GM 2025"]
[Site "Stavanger NOR"]
[Date "2025.05.30"]
[Round "7.35"]
[White "Beisteiner, Joachim"]
[Black "Amundsen, Ask"]
[Result "1/2-1/2"]
[WhiteElo "2109"]
[BlackElo "2009"]
[WhiteFideId "1682296"]
[BlackFideId "1528726"]
[EventDate "2025.05.26"]

1. e4 e5 2. Nf3 Nf6 3. d4 Nxe4 4. Bd3 d5 5. Nxe5 Nd7 6. Nc3 Nxc3 7. bxc3 Nxe5 8.
dxe5 Bc5 9. O-O Be6 10. Rb1 Qd7 11. Kh1 O-O-O 12. Qe2 h5 13. Be3 Bb6 14. a4 Qxa4
15. Bxb6 axb6 16. Ra1 Qg4 17. f3 Qf4 18. Ra7 Kb8 19. Rfa1 c5 20. R7a4 c4 21. Qf2
d4 22. Bxc4 Qe3 23. Qxe3 dxe3 24. Bxe6 fxe6 25. Kg1 b5 26. Rd4 Rxd4 27. cxd4 Rc8
28. Re1 Rxc2 29. Rxe3 Rd2 30. Rb3 Rxd4 31. Rxb5 Rd5 32. Rxd5 exd5 33. Kf2 b5 34.
Ke3 b4 35. Kd4 Kc7 36. f4 g6 37. g3 Kd7 38. h3 Ke7 39. h4 Kd7 40. Kd3 Kc6 41.
Kd4 Kb6 42. Kd3 Kc5 43. Kc2 d4 44. Kc1 Kd5 45. Kc2 Kc5 46. Kc1 Kc6 47. Kc2 Kd5
48. Kc1 b3 49. Kb2 Kc4 50. e6 d3 51. e7 d2 52. e8=Q d1=Q 53. Qc6+ Kd3 54. Qxg6+
Ke3 55. Qe6+ Kf2 56. Qxb3 Qd4+ 57. Kb1 Kg1 58. Qf3 Qb4+ 59. Kc1 Qc4+ 60. Kd1
Qa4+ 61. Kc1 Qa1+ 62. Kd2 Qb2+ 63. Ke3 Qc3+ 64. Ke2 Qb2+ 1/2-1/2

[Event "Norway Chess Open GM 2025"]
[Site "Stavanger NOR"]
[Date "2025.05.30"]
[Round "7.36"]
[White "Pivi, Mauro"]
[Black "Simonsen, David Mindestrommen"]
[Result "0-1"]
[WhiteElo "1997"]
[BlackElo "2104"]
[WhiteFideId "312105193"]
[BlackFideId "1565672"]
[EventDate "2025.05.26"]

1. e4 c5 2. Nf3 d6 3. d4 cxd4 4. Qxd4 Nc6 5. Bb5 Bd7 6. Bxc6 Bxc6 7. Nc3 Nf6 8.
Bg5 e6 9. O-O-O Be7 10. Rhe1 O-O 11. Kb1 h6 12. Bh4 b5 13. Nd2 a5 14. f3 Qc7 15.
g4 b4 16. Ne2 Nxe4 17. Bxe7 Nxd2+ 18. Rxd2 Qxe7 19. f4 Rfd8 20. Ng3 Qa7 21. Qd3
a4 22. c3 a3 23. b3 bxc3 24. Qxc3 Rac8 25. Qe3 Qa5 26. Red1 Bd5 27. Rc1 Rc5 28.
Rdc2 Rdc8 29. Rxc5 Rxc5 30. Rxc5 dxc5 31. Kc2 c4 32. b4 Qa4+ 33. Kd2 Qxb4+ 34.
Qc3 Qb2+ 35. Qxb2 axb2 36. Kc2 c3 37. Kb1 Bc4 38. a4 Bd3+ 39. Ka2 0-1

[Event "Norway Chess Open GM 2025"]
[Site "Stavanger NOR"]
[Date "2025.05.30"]
[Round "7.32"]
[White "Aravindhan, Achyuth"]
[Black "Maurstad, Astor Moe"]
[Result "1/2-1/2"]
[WhiteTitle "CM"]
[WhiteElo "2098"]
[BlackElo "1933"]
[WhiteFideId "1084216"]
[BlackFideId "1576640"]
[EventDate "2025.05.26"]

1. e4 c5 2. Nf3 d6 3. d4 cxd4 4. Nxd4 Nf6 5. Nc3 a6 6. Bd3 e5 7. Nde2 Be7 8. O-O
O-O 9. Ng3 Be6 10. Nd5 Nbd7 11. c4 Nc5 12. Bc2 a5 13. b3 Rb8 14. Nxe7+ Qxe7 15.
Bg5 Rfd8 16. Nh5 Ncd7 17. f4 h6 18. Bxf6 Nxf6 19. fxe5 dxe5 20. Nxf6+ Qxf6 21.
Rxf6 Rxd1+ 22. Rxd1 gxf6 23. Kf2 Kf8 24. Ke3 Ke7 25. Bd3 b6 26. a3 Rg8 27. Bf1
Rc8 28. Bd3 a4 29. Rb1 axb3 30. Rxb3 Bxc4 31. Rxb6 Bxd3 32. Kxd3 Ra8 33. Rb3 Ra4
34. Ke3 Kf8 35. Kf3 Kg7 1/2-1/2

[Event "Norway Chess Open GM 2025"]
[Site "Stavanger NOR"]
[Date "2025.05.30"]
[Round "7.37"]
[White "Sivaparan, Isai"]
[Black "Stranz, Richard"]
[Result "1/2-1/2"]
[BlackTitle "FM"]
[WhiteElo "1997"]
[BlackElo "2075"]
[WhiteFideId "1585002"]
[BlackFideId "1600818"]
[EventDate "2025.05.26"]

1. e4 c5 2. Nf3 e6 3. g3 Nc6 4. Bg2 Nf6 5. Nc3 d5 6. exd5 exd5 7. d4 c4 8. O-O
Be7 9. Re1 O-O 10. Ne5 h6 11. Ne2 Re8 12. Nf4 Bd6 13. Nxd5 Nxe5 14. dxe5 Rxe5
15. Ne3 Be6 16. Qd4 Qc7 17. Bd2 Bc5 18. Qf4 Nh5 19. Qf3 Bxe3 20. Bxe3 Bd5 21.
Qg4 Bxg2 22. Kxg2 Qc6+ 23. Kg1 Nf6 24. Qd4 Rd5 25. Qf4 b6 26. Bd4 Nh5 27. Qf3
Rad8 28. Re7 Qg6 29. c3 Rf5 30. Qe4 Nf4 31. Re5 Rxe5 32. Qxe5 Ne6 33. Be3 Qc2
34. Qb5 Kh7 35. Rc1 Qd3 36. Qh5 Qg6 37. Qb5 Qe4 38. Qh5 Rd7 39. Rd1 Rxd1+ 40.
Qxd1 f5 41. Qd7 f4 42. gxf4 Nxf4 43. Bxf4 Qxf4 44. Qxa7 Qg5+ 45. Kf1 Qc1+ 46.
Kg2 Qxb2 47. Qf7 Qxc3 48. Qf5+ Kg8 49. Qe6+ Kh7 1/2-1/2